[Event "FRA-ch U10 Girls"]
[Site "Aix les Bains"]
[Date "2006.??.??"]
[Round "5"]
[White "Gailliegue, Nina"]
[Black "Massard, Aurelie"]
[Result "0-1"]
[WhiteElo "1460"]
[BlackElo "1350"]
[PlyCount "46"]
[EventDate "2006.04.16"]
[EventType "swiss"]
[EventRounds "9"]
[EventCountry "FRA"]
[SourceTitle "EXT 2007"]
[Source "ChessBase"]
[SourceDate "2006.11.23"]
[SourceVersion "1"]
[SourceVersionDate "2006.11.23"]
[SourceQuality "1"]

1. c4 c5 2. Nf3 Nf6 3. g3 g6 4. Bg2 Bg7 5. 0-0 e6 6. Nc3 Nc6 7. e3 0-0 8. d4 cxd4 9. exd4 d5 10. b3 b6 11. Bb2 Ba6 12. Qd3 Qd6 13. a3 Rac8 14. Nb5 Qd7 15. Nd2 Ne8 16. Rac1 Nd6 17. b4 dxc4 18. Bxc6 Rxc6 19. Nxc4 Bxb5 20. Qf3 Nxc4 21. Qe2 Qd5 22. Rc3 Nxb2 23. Rxc6 Bxe2 0-1